000 03798nam a22002417a 4500
005 20250407102732.0
008 250123b ||||| |||| 00| 0 eng d
020 _a9788196469160
040 _cAL
041 _aKannada
082 _223
_aK894.301
_bSATJ
100 _aSatyanarayana K
_9207653
100 _bಸತ್ಯನಾರಾಯಣ ಕೆ
_9207654
245 _aJailu Kategalu
_bಜೈಲು ಕತೆಗಳು
260 _aBangalore
_bAmulya Pustaka
_c2023
300 _a126 p.
_bPB
_c21x14 cm.
365 _aBLCR-000070
_b₹136.00
_c
_d₹170.00
_e20%
_f16-01-2025
520 _aಈ ಪುಸ್ತಕದಲ್ಲಿ ಒಟ್ಟು ಇಪ್ಪತ್ತ ಮೂರು ಕಥನಗಳಿವೆ. ಪ್ರತಿಯೊಂದೂ ಒಂದಕ್ಕಿಂತ ಒಂದು ವಿಭಿನ್ನವಾಗಿವೆ. ನಿರೂಪಣೆಯ ಧಾಟಿಯಲ್ಲಿ ಮತ್ತು ಕಥನದ ಉದ್ದೇಶದಲ್ಲಿ ಕೂಡ ಇವು ವಿಭಿನ್ನವಾಗಿ, ಏಕತಾನತೆಯನ್ನು ಹೊಂದಿಲ್ಲದೇ ಇರುವುದು ವಿಶೇಷ. ಈ ಕಥನಗಳು ಎಲ್ಲಿಯೂ ಬೋರ್ ಹೊಡೆಸದೇ ಸರಾಗವಾಗಿ ಓದಿಸಿಕೊಂಡು ಹೋಗುವುದು ಮಾತ್ರವಲ್ಲ ಕೆಲವೊಂದು ಅತ್ಯಂತ ಕೌತುಕದ ಕಥನಗಳಾಗಿಯೂ ಓದಿಸಿಕೊಂಡು ಹೋಗುತ್ತವೆ. ಆದರೆ ಈ ಎಲ್ಲ ಸಾಹಿತ್ಯಕ ಮೆಚ್ಚುಗೆಯನ್ನೂ ಮೀರಿ, ಕೃತಿಕಾರನನ್ನೂ ಮೀರಿ ನಿಲ್ಲುವ ಗುಣ, ಶಕ್ತಿ ಎರಡೂ ಈ ಕೃತಿಗಿರುವುದು ವಿಶೇಷ. ಅದು ಬಹುಶಃ ಈ ಕೃತಿ ಮೌನವಾಗಿ ಆಗ್ರಹಿಸುವ, ನಮಗೆ ನಾವೇ ಕೇಳಿಕೊಳ್ಳಬೇಕಾದ ಮತ್ತು ನಮಗೆ ನಾವೇ ಕೊಟ್ಟುಕೊಳ್ಳಬೇಕಾದ ಕೆಲವು ಪ್ರಶ್ನೆಗಳಿಗಾಗಿ ಎನಿಸುತ್ತದೆ. ಈ ಕೃತಿ ನಮ್ಮೆದುರು ತೆರೆದಿಡುವುದು ನಮಗೆ ತಿಳಿದಿಲ್ಲದ, ನಮಗೆ ತಿಳಿದಿರಬೇಕು ಎಂದು ಯಾವತ್ತೂ ಅನಿಸದ, ಆದರೆ ತೀರ ನಮಗೇ ಸಂಬಂಧಿಸಿದ ಮತ್ತು ನಮ್ಮ ಬದುಕಿನ ಯಾವ ಒಂದು ಸಣ್ಣ ತಿರುವೂ ಇದನ್ನು ನಮ್ಮದೇ ಆಗಿಸಿಬಿಡಬಹುದಾಗಿದ್ದ ಜಗತ್ತನ್ನು ಹಾಗಾಗಿಯೇ ಓದುತ್ತ ಓದುತ್ತ ನಮ್ಮೊಳಗೇ ಛಳ್ಳೆನ್ನಿಸುವ ಒಂದು ನಡುಕವನ್ನು ಇದು ಹುಟ್ಟಿಸಿದರೆ ಅಚ್ಚರಿಯೇನಿಲ್ಲ. ಇವು ಸದಾ ಕಾಲ ಕಾಡುತ್ತಲೇ ಇರುವ ಸತ್ತವರ ನೆರಳಿನಂತೆ, ನಮ್ಮೊಂದಿಗೇ ಇರತಕ್ಕ ಪ್ರಶ್ನೆಗಳು ಎನ್ನುವುದು ನಿಜ. ಆದರೆ ಉತ್ತರ ಇರದಿದ್ದರೂ ಕೂಡ ಇಂಥ ಪ್ರಶ್ನೆಗಳ ಜೊತೆ ಆಗಾಗ ಒಡನಾಡುವುದು, ಇವುಗಳಿಗೆ ಮತ್ತೆ ಮತ್ತೆ ಮುಖಾಮುಖಿಯಾಗುವುದು ಮುಖ್ಯ. ಇದು ಕೆ ಸತ್ಯನಾರಾಯಣರ ಕೃತಿಯ ಬಹುಮುಖ್ಯ ಕಾಣ್ಕೆ. ಇದಕ್ಕಾಗಿ ನಾವೆಲ್ಲರೂ ಅವರಿಗೆ ಋಣಿಯಾಗಿರಬೇಕು.
650 _a23 stories
_9194921
650 _aಇಪ್ಪತ್ತ ಮೂರು ಕಥನಗಳಿವೆ.
_9194917
650 _aA collection of stories on and around prison life
_9194918
942 _2ddc
_cBK
999 _c233694
_d233694